Catálogo

ADMINISTRACION LUCRATIVA DE HOTELES Y MOTELES (Registro nro. 34789)

Detalles MARC
000 -LEADER
fixed length control field 00525nam a2200181 a 4500
001 - CONTROL NUMBER
control field 34789
005 - DATE AND TIME OF LATEST TRANSACTION
control field 20180714003001.0
008 - FIXED-LENGTH DATA ELEMENTS--GENERAL INFORMATION
fixed length control field 140415s1984 000 0 spa d
020 ## - INTERNATIONAL STANDARD BOOK NUMBER
International Standard Book Number 9682600529
041 ## - LANGUAGE CODE
Language code of text/sound track or separate title spa
082 ## - DEWEY DECIMAL CLASSIFICATION NUMBER
Classification number 658.15937
Item number SCH
100 1# - MAIN ENTRY--PERSONAL NAME
Personal name SCHOLZ, WILLIAM
245 10 - TITLE STATEMENT
Title ADMINISTRACION LUCRATIVA DE HOTELES Y MOTELES
260 ## - PUBLICATION, DISTRIBUTION, ETC.
Place of publication, distribution, etc. [s.l.] :
Name of publisher, distributor, etc. CIA. EDITORIAL CONTINENTAL,
Date of publication, distribution, etc. 1984
300 ## - PHYSICAL DESCRIPTION
Extent 252
650 14 - SUBJECT ADDED ENTRY--TOPICAL TERM
Topical term or geographic name entry element ADMINISTRACION HOTELERA
700 1# - ADDED ENTRY--PERSONAL NAME
Personal name UREÑA GUTIERREZ, GUILLERMO ENRIQUE
Relator term tr.
Existencias
Withdrawn status Lost status Source of classification or shelving scheme Damaged status Not for loan Collection code Home library Current library Shelving location Date acquired Source of acquisition Inventory number Total Checkouts Total Renewals Full call number Barcode Date last seen Date last checked out Price effective from Koha item type
    Dewey Decimal Classification     General Biblioteca Karol Wojtyla Biblioteca Karol Wojtyla Sala general 03/12/2013 Compra 151000000000000000021914 1 1 658.15937 SCH 52582 05/01/2026 27/06/2019 03/12/2013 Libro